| 000 | 01050nam a22002897a 4500 | ||
|---|---|---|---|
| 001 | 7997 | ||
| 003 | FISKH | ||
| 005 | 20250818121722.0 | ||
| 008 | 250818b cb ||||| |||| 00| 0 eng d | ||
| 020 | _a9780545477673 | ||
| 040 |
_aFISKH _beng _cFISKH _dFISKH |
||
| 050 | _aQH408.M66 | ||
| 082 | _a590 | ||
| 100 | _aMontgomery, Heather L. | ||
| 245 |
_aWild discoveries : _bWacky new animals / _cBy Heather L. Montgomery |
||
| 250 | _aFirst Scholastic printing, January 2013 | ||
| 260 |
_aNew York : _bScholasic , _c2013. |
||
| 300 |
_a64 pages : _bcolor illustrations ; _c26 cm . |
||
| 505 | _aU | ||
| 520 | _aPresents some of the newly discovered species of animals from around the world, including the giant velvet worm, the psychedelic frogfish, the wattled smoky honeyeater, and the Burmese snub-nosed monkey. | ||
| 521 | 8 |
_a840
_bLexile IG |
|
| 521 | 8 |
_aU
_bRaz-Plus |
|
| 650 |
_aWeird Creatures _vChildren's non-fiction |
||
| 700 |
_aGottlieb, Alan _ePhoto reasearcher |
||
| 942 |
_2ddc _cBK _n0 |
||
| 999 |
_c7997 _d7997 |
||